Ganhe mais investindo em opções (Record no. 136765)

MARC details
000 -LÍDER
campo de controle de tamanho fixo 00562 a2200169 4500
001 - NÚMERO DE CONTROLE
campo de controle 136765
020 ## - ISBN - INTERNATIONAL STANDARD BOOK NUMBER
ISBN - International Standard Book Number 9788502098404
040 ## - FONTE DA CATALOGAÇÃO
Instituição que transcreveu o registro Leonardo Da Vinci
041 ## - CÓDIGO DE IDIOMA
Código do idioma do texto/trilha sonora ou título diferente Português
082 ## - CDD - CLASSIFICAÇÃO DECIMAL DE DEWEY
Número de Classificação 332.6453 P647g
Número do exemplar P647g
100 ## - ENTRADA PRINCIPAL--NOME PESSOAL
Nome pessoal PIAZZA, Marcelo C
245 ## - TÍTULO
Título Ganhe mais investindo em opções
Restante do título um guia revelador com tudo o que você precisa saber para ganhar<br/>mais com a sua carteira de ações
260 ## - PUBLICAÇÃO, DISTRIBUIÇÃO, ETC.
Nome do editor, distribuidor, etc. Saraiva
Data da publicação, distribuição, etc. 2010
Local de publicação, distribuição, etc. São Paulo
362 ## - DATAS DE PUBLICAÇÃO E/OU DESIGNAÇÃO SEQUENCIAL
Datas de publicação e/ou designação sequencial 20100000
697 ## - ENTRADA DE ASSUNTO LOCAL--ENTIDADE COLETIVA (RLIN)
Nome corporativo ou nome da jurisdição Mercado de opções
-- Investimentos
-- Garantias
-- Taxa de juros
-- Compras
942 ## - ELEMENTOS DE ENTRADA ADICIONADOS (KOHA)
Tipo de material Koha Livros
Holdings
Situação do descarte Situação das perdas Situação física Não pode ser emprestado Biblioteca de origem Biblioteca atual Data de aquisição Total de empréstimos Número de chamada completo Código de barras Data de último acesso Data do preço efetivo Tipo de material Koha
        Leonardo Da Vinci - Osasco Leonardo Da Vinci - Osasco 27/03/2024   332.6453 P647g O013765 27/03/2024 27/03/2024 Livros